000 00555nam a22001937a 4500
005 20130830123610.0
010 _aENG-108354
020 _c200.00
035 _aEN-91887
037 _bDBAD/PUB
082 _a503
100 _aYadav, M.S.
245 _aSupreme dictionary of science /
_cby M.S. Yadav [and] N.K. Sehgal
260 _aDelhi
_bKalra Publications
_c2010-11
270 _a2619-20/3, New Market, Nai Sarak,
_bDelhi
_e110006
300 _a259p. :
_c22cm(Hb)
_bill.
700 _aSehgal, N.K.
942 _2ddc
_cEN
_mYAD
_h503
999 _c78750
_d78750